[Event "EICC 2019"]
[Site "Skopia"]
[Date "2019.03.20"]
[Round "3.19"]
[White "Bartel, Mateusz"]
[Black "Belyakov, Bogdan"]
[Result "1-0"]
[WhiteElo "2600"]
[BlackElo "2464"]
[Annotator "TA"]
[PlyCount "137"]
[EventDate "2019.03.18"]
[EventType "swiss"]
[EventCountry "MKD"]
[SourceTitle "playchess.com"]
[Source "ChessBase"]
[SourceQuality "1"]

{[%evp 14,137,50,50,47,57,60,48,57,59,91,76,43,78,100,95,103,88,125,108,110,41,42,37,64,57,89,42,36,-20,45,0,0,0,0,0,10,0,0,-18,-12,-204,-213,-182,-58,-59,-33,-55,-8,0,93,95,97,84,85,93,93,98,97,87,119,110,119,118,119,119,119,119,112,112,112,112,113,112,124,124,124,124,125,125,137,128,120,124,189,184,259,270,240,239,237,230,331,310,509,499,506,504,495,499,487,475,648,433,696,685,703,638,771,764,927,891,820,808,1203,1212,1204,1153,1103,1006,2181,1997,29980,29981,29985,29986]} 1. c4 Nf6 2. Nc3 g6 3. e4 d6 4. d4 Bg7 5. h3 O-O 6. Be3 c5 7. Nf3 cxd4 8. Nxd4 b6 {E90: King's Indian: Classical: Early deviations and 6 h3} (8... Nc6 9. Be2 Bd7 10. O-O Nxd4 11. Bxd4 Bc6 12. Qc2 a5 13. Rad1 Nd7 14. Bxg7 Kxg7 15. Bg4 Ne5 16. c5 Nxg4 17. hxg4 Qc8 18. cxd6 Qxg4 19. dxe7 Rfe8 {1-0 (43) Cheparinov,I (2711)-Amin,B (2709) Zagreb 2018}) 9. Qd2 Bb7 10. f3 Nbd7 {White is slightly better.} 11. Bh6 a6 12. h4 Bxh6 13. Qxh6 Kh8 $146 ({Predecessor:} 13... e5 14. Nc2 Nh5 15. O-O-O Qf6 16. Rg1 {½-½ (34) Palliser,R (2418)-Kalavannan,K (2277) Hull 2018}) 14. g4 Rg8 15. O-O-O Rc8 16. Qe3 Ne5 17. h5 (17. b3 $16) 17... g5 $1 $14 18. Nf5 Bc6 19. Kb1 Bd7 20. Nd4 h6 21. Be2 (21. b3 $14) 21... Qf8 (21... Nxc4 $11 22. Bxc4 Rxc4) 22. Nd5 Nxd5 23. cxd5 b5 24. Nb3 Qg7 25. Na5 Qf6 26. Qa7 Qf4 {[%cal Rd7g4]} 27. Nc6 $2 (27. Qd4 $11 {and White is okay.}) 27... Bxc6 $19 ({Not} 27... Nxf3 $2 28. Qxd7 Qxe4+ 29. Bd3 $18) 28. dxc6 Nxc6 (28... Rxc6 $19 {Strongly threatening ...Rgc8.} 29. Qxe7 Rgc8) 29. Qxa6 $15 Ne5 30. Qxb5 Rb8 31. Qd5 $1 Rb6 (31... Nxf3 $11 {remains equal.} 32. Rh3 (32. Bxf3 Qxf3 33. Qd4+ f6 $15) 32... Qf6) 32. Qd2 Qf6 33. Rhf1 Rgb8 34. b3 Qe6 {[#] ( -> ...Rxb3+!)} 35. Qd5 $1 Qf6 36. Rc1 Kg7 37. Rc2 Rb4 38. Qd2 Nd7 39. Qc3 Ne5 40. Rd1 R4b7 41. Qb2 Kh7 42. Rc3 Nd7 43. Rd5 Ra7 44. Rb5 Rba8 45. a4 Ne5 46. Qd2 Kg7 47. Kc2 Kh7 48. Qe3 Kg7 (48... Qg7 $16 {keeps fighting.} 49. Kb1 Qh8) 49. Rd5 $18 Kh7 {[#]} (49... Rb7 $142 50. a5 Rba7) 50. Bb5 $1 Kg7 51. Bc6 Nxc6 52. Rxc6 Qe6 (52... Rb7 $142 53. Rc3 Qe6) 53. Qc3+ f6 $2 (53... Kh7 54. a5 Qd7) 54. a5 Qd7 55. b4 Qb7 56. Kd2 Qd7 57. Ke2 Qd8 58. Qc4 Rd7 (58... Rb8 $142 59. Rb5 Rba8) 59. Rd2 Qb8 60. a6 d5 61. Rxd5 Rxd5 62. exd5 {[%mdl 4096] Endgame KQR-KQR} Qh2+ 63. Kd3 Qh1 64. Qe4 Kf8 65. Kc2 Qa1 66. Qc4 Qa3 67. d6 Qxf3 68. dxe7+ Kxe7 69. Qe6+ {Accuracy: White = 71%, Black = 43%.} 1-0

[Event "EICC 2019"]
[Site "Skopia"]
[Date "2019.03.20"]
[Round "3.20"]
[White "Tomashevsky, Evgeny"]
[Black "Janik, Igor"]
[Result "1/2-1/2"]
[WhiteElo "2705"]
[BlackElo "2454"]
[Annotator "TA"]
[PlyCount "239"]
[EventDate "2019.03.18"]
[EventType "swiss"]
[EventCountry "MKD"]
[SourceTitle "playchess.com"]
[Source "ChessBase"]
[SourceQuality "1"]

{[%evp 14,239,7,7,9,4,3,7,25,22,32,26,24,25,18,29,18,14,11,0,0,0,0,0,14,15,17,19,20,12,16,25,12,10,15,7,12,8,8,0,11,0,17,8,8,0,0,0,4,4,4,4,4,0,8,8,8,8,8,0,8,0,8,4,6,8,6,6,6,7,14,8,12,14,14,0,0,0,0,0,0,0,0,0,0,0,34,10,10,10,10,11,9,13,10,10,10,8,8,8,8,8,8,7,12,11,11,11,11,8,8,9,19,19,34,36,50,50,67,69,70,70,70,68,67,67,70,70,70,70,70,62,66,0,70,0,66,66,66,1,8,8,8,8,8,8,8,8,13,8,13,16,69,69,70,70,70,70,69,69,69,62,62,62,62,62,70,70,70,69,70,70,70,70,70,70,70,70,70,70,70,70,70,70,70,70,70,70,70,70,70,70,70,70,70,70,70,70,70,70,70,70,70,62,62,62,62,62,62,62,62,62,62,62,62,62,62,62,62,62,62,62,62,62,62,70,70,70]} 1. Nf3 Nf6 2. c4 e6 3. g3 d5 4. b3 Be7 5. Bg2 O-O 6. O-O b6 7. Nc3 Bb7 8. d4 c5 {E18: Queen's Indian: Old Main Line (4 g3 Bb7 5 Bg2 Be7 6 0-0 0-0 7 Nc3)} (8... Nbd7 9. Bb2 c5 10. Ne1 cxd4 11. Qxd4 Bc5 12. Qf4 Bb4 13. Nd3 Bxc3 14. Bxc3 Qc8 15. Rfc1 dxc4 16. Bxf6 Nxf6 17. Rxc4 Qb8 18. Qxb8 Rfxb8 {½-½ (58) Ding,L (2771)-So,W (2792) Tbilisi 2017}) 9. dxc5 dxc4 10. cxb6 cxb3 {The position is equal.} 11. bxa7 $146 ({Predecessor:} 11. axb3 axb6 12. Be3 Nbd7 13. Nd4 Bxg2 14. Kxg2 Rxa1 15. Qxa1 Qa8+ 16. Kg1 Rc8 17. Na4 Nd5 18. Bd2 Bb4 {½-½ (18) Arnold,B (1650)-Wotzka,A (1598) Leverkusen 2012}) 11... Qxd1 12. Rxd1 Rxa7 13. Be3 Ra3 14. axb3 Rxb3 15. Nd4 Rb4 16. Bxb7 (16. Ncb5 {is more complex.} Bxg2 17. Kxg2 g6 18. Bd2 Rc4 19. Rdc1) 16... Rxb7 17. Rdb1 Rxb1+ 18. Rxb1 Nbd7 19. Nc6 Bc5 20. Bxc5 Nxc5 21. Ra1 Nfe4 22. Nb5 Nb7 23. f3 Ned6 24. Nbd4 Re8 25. Kf2 e5 26. Nb3 f6 27. Ra7 Kf8 28. Nb4 Rc8 29. Na5 Nxa5 30. Rxa5 $11 {[%mdl 4096] Endgame KRN-KRN} Rc7 31. Nd5 Rb7 32. g4 Kf7 33. Ne3 Rd7 34. h4 Nb7 35. Rb5 Nd6 36. Ra5 Nb7 37. Rb5 Nd6 38. Rb6 Nc8 39. Rc6 Ne7 40. Ra6 Nd5 41. Nf5 Nf4 42. h5 g6 43. Nd6+ Ke7 44. hxg6 hxg6 45. Ne4 Ne6 46. Ra5 Kf7 47. Ra6 f5 48. Nd6+ Kf6 $1 49. Kg3 fxg4 50. Kxg4 Ke7 51. Ne4 Rd1 52. Ra7+ Kf8 53. Kg3 Nf4 54. Kf2 Rb1 55. Ng3 Rb2 56. Ke3 Rb5 57. Ke4 Ne6 58. Kd3 Rd5+ 59. Ke3 Rb5 60. Ne4 Nf4 61. Nc3 Rc5 62. Kd2 Ne6 63. Ne4 Rb5 64. e3 Rd5+ 65. Kc3 Ng7 66. Nf6 Rd6 67. Nd7+ {[%mdl 64] [#] Double Attack} Kg8 68. Nxe5 Nf5 69. Ng4 Rd1 70. e4 Rf1 71. Nf6+ (71. exf5 Rxf3+ 72. Kd2 gxf5 $18) 71... Kf8 72. Nh7+ (72. exf5 Rxf3+ 73. Kd4 Rxf5 $18) 72... Kg8 73. Nf6+ (73. exf5 Rxf3+ 74. Kd4 Rxf5 $18) 73... Kf8 74. Nh7+ (74. exf5 Rxf3+ 75. Kd4 Rxf5 $18) 74... Kg8 75. Ng5 $1 ({Not} 75. exf5 Rxf3+ 76. Kd4 Rxf5 $18) 75... Nh4 $1 76. Ra8+ ({White should play} 76. Rf7 $1 $14) 76... Kg7 77. f4 Ng2 $1 78. Ra7+ Kg8 79. Kd4 Nxf4 80. Ke5 Nd3+ 81. Ke6 (81. Kd6 {keeps more tension.} Rb1 82. Ra8+ Kg7 83. Ne6+ Kh7 84. Ra3) 81... Nc5+ 82. Kd5 Nxe4 (82... Nd3 $11) 83. Kxe4 {KRN-KR. White is slightly better.} ({Less strong is} 83. Nxe4 Rf4 $18) 83... Re1+ 84. Kd5 Kf8 85. Nh7+ Ke8 86. Nf6+ Kf8 87. Ne4 {[#] aiming for Ng5.} Rf1 88. Ke6 Re1 89. Ke5 g5 90. Kf5 Rf1+ 91. Ke6 ({Weaker is} 91. Kxg5 Rf7 $18) 91... g4 92. Nf6 {[%csl Ge6][%cal Ra7f7]} Re1+ 93. Kf5 {White threatens Kg6 and mate.} Re7 94. Ra8+ Kf7 95. Nxg4 Rb7 96. Ne5+ Ke7 97. Ra6 Rb1 98. Re6+ Kd8 99. Rd6+ Kc7 100. Rc6+ (100. Rd3 {feels hotter.} Rf1+ 101. Ke4 Re1+ 102. Kd5 Rh1 103. Rg3) 100... Kb7 101. Rc2 Re1 102. Ke6 Kb6 103. Rc8 Kb5 104. Rc7 Rh1 105. Nf3 Rh5 106. Kd6 Kb4 107. Ne5 Rh1 108. Rb7+ Kc3 109. Kc5 {And now Ra7 would win.} Rh8 110. Rc7 Rd8 111. Nc4 {Hoping for Ne5.} Rd4 112. Nd6 {Strongly threatening Nb5+.} Rh4 113. Kd5+ Kd3 114. Nf7 {Threatens to win with Ne5+.} Rd4+ 115. Ke6 {Black must now prevent Ra7.} Ra4 116. Kf5 Ra5+ 117. Ne5+ Kd4 118. Rc4+ Ke3 119. Rb4 {Re4+ is the strong threat.} Ra8 120. Rb3+ {Accuracy: White = 76%, Black = 73%.} 1/2-1/2

[Event "EICC 2019"]
[Site "Skopia"]
[Date "2019.03.20"]
[Round "3.21"]
[White "Meshkovs, Nikita"]
[Black "Dubov, Daniil"]
[Result "1/2-1/2"]
[WhiteElo "2568"]
[BlackElo "2703"]
[Annotator "TA"]
[PlyCount "61"]
[EventDate "2019.03.18"]
[EventType "swiss"]
[EventCountry "MKD"]
[SourceTitle "playchess.com"]
[Source "ChessBase"]
[SourceQuality "1"]

{[%evp 14,61,18,23,53,53,62,42,55,53,57,72,111,76,146,155,142,95,86,44,55,53,65,0,0,0,0,0,0,0,0,-10,-8,-8,100,100,247,252,239,251,239,209,226,0,0,0,0,0,0,0]} 1. Nf3 Nf6 2. c4 b6 3. d4 Bb7 4. g3 e6 5. Bg2 Bb4+ 6. Bd2 a5 7. O-O O-O 8. Bf4 Re8 {[#] E16: Queen's Indian: 4 g3 Bb7 5 Bg2 Bb4+} (8... Be7 9. Nc3 d5 10. cxd5 Nxd5 11. Nxd5 Bxd5 12. Qc2 Na6 13. e4 Bb7 14. Rad1 h6 15. a3 Rc8 16. Rfe1 Nb8 17. d5 exd5 18. exd5 Bd6 19. Ne5 Nd7 20. Nc6 Nf6 21. Nxd8 {1-0 (21) Andreikin,D (2725)-Paichadze,L (2583) chess.com INT 2019}) 9. c5 $1 {[%mdl 512] Black must now prevent a3.} a4 $1 (9... bxc5 10. a3) 10. a3 Ba5 {White is slightly better.} 11. Qxa4 {Strongly threatening b4.} bxc5 12. dxc5 Nc6 $146 ({Predecessor:} 12... e5 13. Nxe5 Bc3 14. Qb3 Bxg2 15. Nxc3 Bxf1 16. Nxf7 Qe7 17. Nd6+ Qe6 18. Qb7 cxd6 19. Qxa8 Nc6 20. Qa4 Qh3 {0-1 (20) Villuendas Valero,A (2239)-Garza Marco,S (2373) Aragon 2008}) 13. Qd1 Qb8 {[#]} (13... Qe7 $142) 14. Nbd2 $1 $16 Bxd2 15. Nxd2 ({Resist} 15. Qxd2 Na5 $14) 15... Nd5 16. Nc4 Nxf4 17. gxf4 e5 18. Qb3 (18. Qxd7 $14 Rd8 19. Qh3) 18... exf4 $11 19. Rfd1 Re7 20. Rd2 Ba6 21. Qxb8+ Rxb8 22. Rc1 g5 23. b4 Rbe8 (23... Kg7 $11) 24. Rxd7 $1 $16 Rxe2 (24... Bb5 $16 {is a better defense.} 25. Rxe7 Nxe7) 25. Bxc6 $18 Re1+ 26. Rxe1 Rxe1+ 27. Kg2 Bxc4 28. Bd5 $2 ({White should play} 28. h3 $18) 28... Bf1+ $11 {The position is equal.} 29. Kf3 {Kg4 is the strong threat.} Be2+ 30. Kg2 {aiming for f3.} Bf1+ 31. Kf3 {Accuracy: White = 57%, Black = 42%.} 1/2-1/2

[Event "EICC 2019"]
[Site "Skopia"]
[Date "2019.03.20"]
[Round "3.22"]
[White "Ragger, Markus"]
[Black "Moroni, Luca Jr"]
[Result "1/2-1/2"]
[WhiteElo "2696"]
[BlackElo "2564"]
[Annotator "TA"]
[PlyCount "79"]
[EventDate "2019.03.18"]
[EventType "swiss"]
[EventCountry "MKD"]
[SourceTitle "playchess.com"]
[Source "ChessBase"]
[SourceQuality "1"]

{[%evp 18,79,0,0,16,11,11,14,9,9,22,16,8,14,11,11,18,6,19,0,28,8,89,87,121,128,161,50,53,45,107,103,110,124,97,44,38,23,30,0,20,25,20,18,39,0,0,2,2,0,0,0,0,0,16,16,14,10,10,0,19,0,10,0]} 1. e4 e5 2. Nf3 Nc6 3. Bc4 Bc5 4. c3 Nf6 5. d4 exd4 6. e5 d5 7. Be2 {C54: Giuoco Piano: 4 c3 Nf6, main lines with 5 d4 and 5 d3} Ne4 8. cxd4 Bb6 9. Nc3 O-O 10. Be3 {LiveBook: 6 Games} (10. O-O Be6 11. Be3 f6 12. exf6 Qxf6 13. h3 Rae8 14. Rc1 Kh8 {1-0 (30) Aronian,L (2765)-Karjakin,S (2753) St Petersburg 2018}) 10... Bg4 11. h3 Bh5 12. Rc1 $146 ({Predecessor:} 12. O-O f6 13. exf6 Nxc3 14. f7+ Bxf7 15. bxc3 Qf6 16. Qd2 Bh5 17. Rae1 Rae8 18. Bg5 Qd6 19. Bd1 {½-½ (19) Petrov,M (2426)-Enchev,I (2493) Primorsko 2017}) 12... Nxc3 13. bxc3 f6 14. exf6 Qxf6 15. O-O Rae8 16. Qd2 Qd6 17. Rfe1 h6 18. a4 Re4 19. Qc2 {Threatening Ng5.} Bxf3 (19... Re6 $11 {keeps the balance.}) 20. Bxf3 $16 Rxf3 21. gxf3 Rh4 {[#]} 22. Kg2 (22. Bg5 $1 $18 {[%cal Rg5h4]} hxg5 23. Re8+ Kf7 24. Rce1 Bxd4 25. cxd4 Nxd4 26. R1e7+ Kf6 27. Qxc7 Nxf3+ 28. Kh1 Qxc7 29. Rxc7) 22... Ne7 $14 23. Rh1 c5 (23... c6 $14) 24. a5 $16 Bxa5 25. dxc5 Qe6 26. Kf1 (26. Ra1 $16 Nc6 27. Qd3) 26... Nf5 27. Qe2 Rc4 28. Bd2 Qf7 29. Rg1 Rxc5 30. Rg4 Rc6 31. Re1 Bxc3 {The position is equal.} 32. Bxc3 Rxc3 33. Qe8+ Qxe8 34. Rxe8+ $11 {[%mdl 4096] Endgame KRR-KRN} Kf7 35. Re5 Kf6 36. Rxd5 Rxf3 37. Rb5 Nd6 38. Rd5 Nf5 $1 39. Rb5 Nd6 40. Rd5 {Precision: White = 51%, Black = 51%.} 1/2-1/2

[Event "EICC 2019"]
[Site "Skopia"]
[Date "2019.03.20"]
[Round "3.23"]
[White "Nisipeanu, Liviu-Dieter"]
[Black "Santos Ruiz, Miguel"]
[Result "1/2-1/2"]
[WhiteElo "2670"]
[BlackElo "2560"]
[Annotator "TA"]
[PlyCount "33"]
[EventDate "2019.03.18"]
[EventType "swiss"]
[EventCountry "MKD"]
[SourceTitle "playchess.com"]
[Source "ChessBase"]
[SourceQuality "1"]

{[%evp 13,33,31,18,20,30,10,22,-2,0,-29,-33,-19,0,0,0,-39,-22,-16,-35,-43,0,0]} 1. e4 e5 2. Nf3 Nc6 3. Bb5 a6 4. Ba4 Nf6 5. d3 d6 6. c3 g6 7. O-O Bg7 8. h3 {C77: Ruy Lopez: 3...a6 4 Ba4 Nf6, unusual lines} (8. Re1 O-O 9. Nbd2 Nh5 10. Nf1 f5 11. Bb3+ Kh8 12. Ng5 Qf6 13. exf5 Bxf5 14. Be3 Nf4 15. Bxf4 exf4 16. Ne4 Bxe4 17. Rxe4 {½-½ (45) Carlsen,M (2835)-Shirov,A (2643) St Petersburg 2018}) 8... O-O 9. Be3 Kh8 10. Nbd2 Nd7 11. Bxc6 $146 ({Predecessor:} 11. Nh2 f5 12. exf5 gxf5 13. f4 Ne7 14. fxe5 Nxe5 15. d4 {½-½ (31) Ivanchuk,V (2713)-Santos Ruiz,M (2543) Caleta 2019}) 11... bxc6 12. Qa4 c5 13. d4 f5 {[#] ...f4 is the strong threat.} 14. exf5 (14. Bg5 $5 {[%cal Rg5d8]} Qe8 15. exf5 $11) 14... gxf5 {Threatens to win with ...f4.} 15. Bg5 Qe8 {White must now prevent ...cxd4.} 16. Qc6 Ra7 {aiming for ...e4.} 17. dxe5 $1 1/2-1/2

[Event "EICC 2019"]
[Site "Skopia"]
[Date "2019.03.20"]
[Round "3.24"]
[White "Grigoriants, Sergey"]
[Black "Ponomariov, Ruslan"]
[Result "1/2-1/2"]
[WhiteElo "2543"]
[BlackElo "2667"]
[Annotator "TA"]
[PlyCount "29"]
[EventDate "2019.03.18"]
[EventType "swiss"]
[EventCountry "MKD"]
[SourceTitle "playchess.com"]
[Source "ChessBase"]
[SourceQuality "1"]

{[%evp 9,29,25,29,41,35,22,30,26,20,36,57,47,47,56,52,58,62,35,28,14,40,18]} 1. Nf3 d5 2. d4 Nf6 3. c4 dxc4 4. e3 b5 5. a4 b4 6. Nbd2 {D25: Queen's Gambit Accepted: 4 e3: sidelines and 4...Bg4} (6. Bxc4 e6 7. O-O Be7 8. Qe2 O-O 9. b3 Bb7 10. Bb2 Nbd7 11. Nbd2 c5 12. Rac1 Rc8 {½-½ (27) Bu,X (2730)-Inarkiev,E (2689) Riadh 2017}) 6... c3 7. bxc3 bxc3 8. Nb1 {White has an edge.} e6 9. Nxc3 Bb4 10. Qb3 a5 11. Ba3 Nd5 12. Bxb4 Nxb4 13. Bb5+ $146 c6 14. Be2 O-O 15. O-O 1/2-1/2

[Event "EICC 2019"]
[Site "Skopia"]
[Date "2019.03.20"]
[Round "3.25"]
[White "Edouard, Romain"]
[Black "Christiansen, Johan-Sebastian"]
[Result "1/2-1/2"]
[WhiteElo "2658"]
[BlackElo "2539"]
[Annotator "TA"]
[PlyCount "49"]
[EventDate "2019.03.18"]
[EventType "swiss"]
[EventCountry "MKD"]
[SourceTitle "playchess.com"]
[Source "ChessBase"]
[SourceQuality "1"]

{[%evp 25,49,29,45,27,42,40,41,33,44,52,49,45,52,53,52,41,41,46,44,0,0,0,0,0,0,0]} 1. e4 c5 2. Nf3 d6 3. d4 cxd4 4. Nxd4 Nf6 5. Nc3 g6 6. Be3 Bg7 7. f3 O-O 8. Qd2 Nc6 9. O-O-O d5 10. exd5 Nxd5 11. Nxc6 bxc6 12. Bd4 Bxd4 13. Qxd4 Qb6 14. Qe5 {B76: Sicilian Dragon: Yugoslav Attack, 9 g4 and 9 0-0-0} (14. Na4 Qc7 15. Nc5 Rd8 16. Bc4 Bf5 17. Bb3 h5 18. Kb1 Qf4 19. Nb7 Qxd4 20. Rxd4 Rd7 21. Na5 e5 22. Rdd1 {1-0 (47) Caruana,F (2828)-Edouard,R (2643) chess.com INT 2019}) 14... Be6 15. Na4 Qa5 16. b3 {Strongly threatening c4.White is slightly better.} Qb4 17. c4 Nf6 {[%cal Bd5f6,Bf6d7,Bd7b6][%mdl 32]} 18. Bd3 Rfd8 19. Bc2 $146 ({Predecessor:} 19. Qc5 a5 20. Bc2 Nd7 21. Qxb4 axb4 {½-½ (50) Suto,J (2411)-Barnett,C (2374) ICCF email 2013}) 19... Nd7 20. Qc3 Qa3+ 21. Qb2 Qb4 22. h4 Nb6 {The position is equal.} 23. Qc3 Qa3+ 24. Qb2 Qb4 {White must now prevent ...Nxa4.} 25. Qc3 {Accuracy: White = 89%, Black = 67%.} 1/2-1/2

[Event "EICC 2019"]
[Site "Skopia"]
[Date "2019.03.20"]
[Round "3.26"]
[White "Shevchenko, Kirill"]
[Black "Kovalenko, Igor"]
[Result "1/2-1/2"]
[WhiteElo "2535"]
[BlackElo "2658"]
[Annotator "TA"]
[PlyCount "139"]
[EventDate "2019.03.18"]
[EventType "swiss"]
[EventCountry "MKD"]
[SourceTitle "playchess.com"]
[Source "ChessBase"]
[SourceQuality "1"]

{[%evp 15,139,16,25,15,24,9,11,11,4,0,0,0,0,-16,-6,-16,-11,-14,14,0,23,32,20,25,43,0,0,0,0,0,0,0,0,0,0,0,11,0,1,0,0,0,0,0,0,-3,0,0,0,0,0,0,0,0,0,0,0,0,0,0,0,0,0,0,0,0,10,0,0,0,0,0,0,0,13,0,0,0,0,0,5,0,12,5,0,0,10,0,10,4,15,0,0,0,10,0,18,18,18,11,18,18,17,17,34,18,33,18,41,16,17,0,56,0,9,0,42,41,52,0,0,0,8,0,0,0]} 1. d4 Nf6 2. c4 c6 3. Nf3 d5 4. Nc3 dxc4 5. a4 Bf5 6. Ne5 Nbd7 7. Nxc4 Nb6 8. Ne5 a5 9. g3 {D17: Slav Defence: 5 a4 Bf5: Lines with 6 Nh4 and 6 Ne5} (9. e3 Nfd7 10. Bd3 Bxd3 11. Nxd3 e6 12. O-O Be7 13. Qb3 O-O 14. e4 Ra6 15. Be3 Qb8 16. Rac1 Rd8 {1-0 (37) Giri,A (2782)-Aronian,L (2767) chess.com INT 2018}) 9... e6 10. Bg2 Bb4 11. O-O O-O 12. Bg5 h6 13. Bxf6 Qxf6 14. e3 Qe7 15. Ne4 Rfd8 16. Qb3 Rac8 17. Rac1 $146 Nd5 18. Nc5 {[#] And now e4 would win.} Bh7 19. Rfd1 Kh8 20. Ned3 Bxc5 21. Rxc5 b6 22. Rcc1 Bxd3 23. Qxd3 Nb4 24. Qe4 Kg8 25. h4 Qe8 26. Bf1 h5 27. Be2 g6 28. b3 Qe7 29. Rc4 Rd5 30. Rdc1 Kg7 31. Bf3 Qd8 32. Qb1 Rd6 33. Qe4 Qf6 34. Bg2 Rcd8 35. Qf3 Qe7 36. Qe4 R8d7 37. Bf3 Rc7 38. Bg2 Kh7 39. Bf3 Kg8 40. Bg2 Qf6 41. Qf3 Qd8 42. Qe4 Qe7 43. Bf3 Rc8 44. Bg2 Kf8 45. Bf3 (45. Qe5 {is interesting.} f6 46. Qe4 Kg7 47. g4 hxg4 48. Qxg4 f5 49. Qg3) 45... Kg8 46. Bg2 Rd7 47. Bf3 Rdc7 48. Be2 Qd6 49. Rd1 Kf8 50. Bf3 Ke7 51. Rdc1 Rg8 52. Bg2 Rd8 53. Bf3 Rdc8 54. Bg2 Qd8 55. Bf3 Kd7 56. Qf4 Qe7 57. Be4 Ke8 58. Qf3 {[%cal Re4c6]} Qd6 59. Qf6 Qd7 60. Qh8+ Ke7 61. Qg7 {[#] Black must now prevent Bxg6.} Kd6 62. Qe5+ Ke7 63. Qg7 {Hoping for Bxg6.} Kd8 (63... Kd6 $11) 64. Qf8+ Qe8 $132 {[%mdl 2048] Black is fighting back} 65. Qd6+ Rd7 (65... Qd7 $5 {[%cal Rd7d6]} 66. Qe5 Qe7 $14) 66. Qf4 {[%cal Re4c6]} Rdc7 $1 67. Qd6+ (67. Rxb4 $14 axb4 68. Qd6+ Qd7 69. Qf8+ (69. Qxb4 c5 $14) 69... Qe8 70. Qxb4) 67... Qd7 $11 {The position is equal.} 68. Qf8+ Qe8 69. Qd6+ Qd7 70. Qf8+ {Accuracy: White = 50%, Black = 45%.} 1/2-1/2

[Event "EICC 2019"]
[Site "Skopia"]
[Date "2019.03.20"]
[Round "3.27"]
[White "Moiseenko, Alexander"]
[Black "Lobanov, Sergei"]
[Result "1-0"]
[WhiteElo "2648"]
[BlackElo "2526"]
[Annotator "TA"]
[PlyCount "145"]
[EventDate "2019.03.18"]
[EventType "swiss"]
[EventCountry "MKD"]
[SourceTitle "playchess.com"]
[Source "ChessBase"]
[SourceQuality "1"]

{[%evp 19,145,0,25,0,0,0,0,0,46,20,16,29,34,16,12,20,21,17,11,20,22,28,105,98,102,106,120,117,233,218,222,227,233,226,212,0,0,0,0,-4,0,0,99,97,97,97,97,97,97,97,97,97,98,98,98,64,64,64,64,64,64,45,45,45,45,45,45,45,91,45,45,45,91,91,91,91,701,536,814,807,807,807,792,407,407,166,778,166,737,407,708,606,2679,785,29941,29947,29946,29947,29952,29954,29956,29953,29959,29957,29965,29963,29966,29967,29966,29968,29967,29966,29969,29970,29970,29963,29963,29966,29965,29966,29964,29966,29965,29966,29964,29964,6726,5804]} 1. d4 Nf6 2. c4 e6 3. Nc3 Bb4 4. Nf3 b6 5. e3 Bb7 6. Bd3 c5 7. O-O O-O 8. Na4 cxd4 9. a3 Be7 10. exd4 d6 11. Re1 {E43: Nimzo-Indian: Rubinstein: 4...b6} (11. b4 Nbd7 12. Bf4 a5 13. Qb3 axb4 14. axb4 Bxf3 15. gxf3 Nh5 16. Be3 f5 17. Nc3 Rxa1 18. Rxa1 Bg5 {0-1 (36) Laznicka,V (2679)-Adly,A (2594) Dubai 2014}) 11... Nbd7 12. Be3 Rc8 13. Rc1 {The position is equal.} Rc7 $146 ({Predecessor:} 13... Ng4 14. Bf4 d5 15. cxd5 Rxc1 16. Qxc1 Bxd5 17. Be2 Ngf6 18. Nc3 Bb7 19. Ne5 Nxe5 20. dxe5 Nd5 {½-½ (20) Raessler,A (2341)-Kogan,B (2330) ICCF email 2016}) 14. b4 Qa8 15. Nc3 a6 16. Bf1 Rfc8 17. Nd2 b5 {[%cal Rb5c4]} 18. c5 Nd5 19. Nxd5 Bxd5 20. a4 e5 (20... Nf6 $11) 21. axb5 $16 axb5 22. Bxb5 Qb7 23. Qe2 Rb8 (23... dxc5 $16 {was worth a try.} 24. bxc5 (24. dxc5 Rb8 $16) 24... Rd8) 24. Bxd7 $1 $18 Rxd7 {[#]} 25. b5 $1 {[%mdl 512] Strongly threatening c6.} dxc5 ({But not} 25... Qxb5 $2 26. Rb1 $18) 26. dxc5 {Black must now prevent c6.} Rc7 ({Avoid the trap} 26... Qxb5 $2 27. Rb1 $18) 27. c6 $2 ({Better is} 27. b6 $18 Rc6 28. Nc4) 27... Qxb5 $11 28. Rb1 Bb4 29. Bd4 Qxe2 30. Rxe2 f6 {[#]} (30... exd4 $11 31. Rxb4 Rcc8 32. Rxd4 Bxc6) 31. Bc3 $1 $36 {[%mdl 2560] White has strong initiative.} Bxc3 32. Rxb8+ Kf7 33. Rb7 Rxb7 34. cxb7 Bxb7 35. Ne4 Bxe4 36. Rxe4 {[%mdl 4096] Endgame KR-KB} Bd4 37. g4 Kg6 38. Kg2 h5 39. f3 hxg4 40. fxg4 f5 41. gxf5+ Kxf5 42. Kf3 g5 43. h3 Bc3 44. Ra4 {Hoping for Ra7.} Bd4 45. Ra5 Bb6 46. Rd5 Bd4 47. Rb5 Bc3 $2 {[%mdl 8192]} (47... Bg1 $16 48. Ke2 Kf4) 48. Rb8 $18 Bd2 49. Rf8+ Ke6 50. Ke4 Bf4 51. Rd8 Ke7 52. Rd1 (52. Rc8 $142) 52... Ke6 $2 (52... g4) 53. Rd3 $2 (53. Rb1 Kd6 54. Rh1) 53... Bh2 $2 (53... g4 54. hxg4 Kf6) 54. Rd5 Bf4 (54... g4 $142 55. h4 Bf4) 55. Ra5 Kd6 56. Ra6+ Kc5 57. Rg6 Kc4 {[#]} 58. Rc6+ $1 Kb5 59. Kd5 Kb4 60. Rc8 Kb5 61. Rb8+ Ka6 62. Kc5 Ka7 63. Rb5 Ka6 64. Kc6 Ka7 65. Rb6 Bh2 66. Rb7+ Ka8 67. Rb2 Bf4 68. Kc7 {[%cal Rb2a2]} e4+ 69. Kc6 e3 70. Kd5 Bg3 71. Ke4 Bf2 72. Kf3 Ka7 73. Rb5 {Accuracy: White = 63%, Black = 43%.} 1-0